| 000 | 00458nam a22001577a 4500 | ||
|---|---|---|---|
| 999 |
_c11695 _d11695 |
||
| 003 | OSt | ||
| 005 | 20181220145848.0 | ||
| 008 | 181220b ||||| |||| 00| 0 eng d | ||
| 040 | _c0 | ||
| 082 | _aDPer 910.5 T 69 Apr-June 2015 v.45, n. 4-6 | ||
| 100 |
_aDela Cruz, Anne Ruth _933485 |
||
| 245 |
_aJuicing your way to health / _cAnne Ruth Dela Cruz |
||
| 300 |
_av. 45, n. 3, p. 25-29. _bcolored illustrations, _c28 cm. |
||
| 500 | _aFood | ||
| 942 |
_2ddc _cPER |
||